Statistics for Bordering Countries with Same Initial on the Borders Only World Map

Click here to take the quiz!

General Stats

  • This quiz has been taken 223 times
  • The average score is 15 of 18

Answers on the Map

Answers color-coded by a green-red scale on the quiz's map according to % correct below.
 

Answer Stats

LABBordering Countries% Correct
1458IranIraqIran-Iraq
95%
1497NigerNigeriaNiger-Nigeria
94%
1937South SudanSudanSouth Sudan-Sudan
92%
3400BoliviaBrazilBolivia-Brazil
90%
797ZambiaZimbabweZambia-Zimbabwe
90%
453LatviaLithuaniaLatvia-Lithuania
89%
2237MaliMauritaniaMali-Mauritania
89%
1561MauritaniaMoroccoMauritania-Morocco
89%
912EritreaEthiopiaEritrea-Ethiopia
86%
787ArmeniaAzerbaijanArmenia-Azerbaijan
85%
386GuineaGuinea-BissauGuinea-Guinea-Bissau
85%
1197Central African RepublicChadCentral African Republic-Chad
83%
797CameroonCentral African RepublicCameroon-Central African Republic
82%
1094CameroonChadCameroon-Chad
82%
1051KazakhstanKyrgyzstanKazakhstan-Kyrgyzstan
79%
430South AfricaSwazilandSouth Africa-Swaziland
78%
306BeninBurkina FasoBenin-Burkina Faso
75%
1569MalawiMozambiqueMalawi-Mozambique
71%

Score Distribution

Percentile by Number Answered

Percent of People with Each Score

Your Score History

You have not taken this quiz